ARRUPE JESUIT UNIVERSITY

CORONAVIRUS -STOP THE SPREAD - CLEAN,DISINFECT,COVER
Normal view MARC view

Entry Personal Name

Number of records used in: 1

001 - CONTROL NUMBER

  • control field: 3502

003 - CONTROL NUMBER IDENTIFIER

  • control field: ARRUPE

005 - DATE AND TIME OF LATEST TRANSACTION

  • control field: 20131107173441.0

008 - FIXED-LENGTH DATA ELEMENTS

  • fixed length control field: 131107|| aca||aabn | a|a d

040 ## - CATALOGING SOURCE

  • Original cataloging agency: ARRUPE
  • Transcribing agency: ARRUPE

100 ## - HEADING--PERSONAL NAME

  • Personal name: Chekhov, Anton Pavlovich,
  • Dates associated with a name: 1860-1904.

670 ## - SOURCE DATA FOUND

  • Source citation: Work cat.: (ARRUPE)0: Chekhov, Anton Pavlovich, 1860-1904., The bishop and other stories, 1919.

 

Arrupe Library. PO Box MP320 Mt Pleasant, Harare, Zimbabwe
263 242 745411|librarian@aju.ac.zw